Francisco Pizarro (Record no. 12793)

MARC details
000 -LEADER
campo de control de longitud fija 01557nam a2200373 i 4500
001 - NÚMERO DE CONTROL
campo de control 12793
003 - IDENTIFICADOR DE NÚMERO DE CONTROL
campo de control ES-MaACL
005 - FECHA Y HORA DE LA ÚLTIMA TRANSACCIÓN
campo de control 20241023120056.0
007 - CAMPO FIJO DE DESCRIPCIÓN FÍSICA--INFORMACIÓN GENERAL
campo de control de longitud fija t|
008 - DATOS DE LONGITUD FIJA--INFORMACIÓN GENERAL
campo de control de longitud fija 900405s1986 sp ||||0| spa j
016 7# - NÚMERO DE CONTROL DE UNA AGENCIA BIBLIOGRÁFICA NACIONAL
Número de control cancelado/no válido SAB9000077813
020 ## - NÚMERO INTERNACIONAL ESTÁNDAR DEL LIBRO
Número Internacional Estándar del Libro 84-00-06384-8
040 ## - FUENTE DE CATALOGACIÓN
Centro catalogador/agencia de origen M-BN-DP
Lengua de catalogación spa
Centro/agencia transcriptor M-BN-DP
080 ## - NÚMERO DE LA CLASIFICACIÓN DECIMAL UNIVERSAL
Número de la Clasificación Decimal Universal 929 Pizarro, Francisco
080 ## - NÚMERO DE LA CLASIFICACIÓN DECIMAL UNIVERSAL
Número de la Clasificación Decimal Universal 985"1522/48"(093)
100 1# - ENTRADA PRINCIPAL--NOMBRE DE PERSONA
Nombre de persona Pizarro, Francisco.
9 (RLIN) 92444
245 10 - MENCIÓN DEL TÍTULO
Título Francisco Pizarro
Resto del título : testimonio : documentos oficiales, cartas y escritos varios /
Mención de responsabilidad, etc. edición preparada por Guillermo Lohmann Villena ; introducción de Francisco Solano.
260 ## - PUBLICACIÓN, DISTRIBUCIÓN, ETC.
Lugar de publicación, distribución, etc. Madrid :
Nombre del editor, distribuidor, etc. Centro de Estudios Históricos, Departamento de Historia de América "Fernández de Oviedo",
Fecha de publicación, distribución, etc. 1986.
300 ## - DESCRIPCIÓN FÍSICA
Extensión XXXI, 404 p., [4] h. de lám :
Otras características físicas 29 cm.
490 1# - MENCIÓN DE SERIE
Mención de serie Monumenta Hispano-Indiana ;
Designación de volumen o secuencia 3
500 ## - NOTA GENERAL
Nota general Precede al tít.: V Centenario del Descubrimiento de América.
504 ## - NOTA DE BIBLIOGRAFÍA, ETC.
Nota de bibliografía, etc. Indice.
600 14 - PUNTO DE ACCESO ADICIONAL DE MATERIA--NOMBRE DE PERSONA
Nombre de persona Pizarro, Francisco-
Subdivisión general Correspondencia.
9 (RLIN) 92446
651 ## - PUNTO DE ACCESO ADICIONAL DE MATERIA--NOMBRE GEOGRÁFICO
Nombre geográfico Perú-
Subdivisión general Historia-
Subdivisión cronológica Descubrimiento y conquista, 1522-1548-
Subdivisión de forma Fuentes.
9 (RLIN) 9227
700 1# - ENTRADA AGREGADA--NOMBRE PERSONAL
Nombre de persona Lohmann Villena, Guillermo.
9 (RLIN) 73134
700 1# - ENTRADA AGREGADA--NOMBRE PERSONAL
Nombre de persona Solano, Francisco de.
9 (RLIN) 107078
710 2# - ENTRADA AGREGADA--NOMBRE DE ENTIDAD CORPORATIVA
Nombre de entidad corporativa o nombre de jurisdicción como elemento de entrada Centro de Estudios Históricos (1985-1999)
9 (RLIN) 2639
830 0# - PUNTO DE ACCESO ADICIONAL DE SERIE-TÍTULO UNIFORME
Título uniforme Monumenta Hispano-Indiana ;
Designación de volumen o secuencia 3
9 (RLIN) 228333
852 ## - LOCALIZACIÓN
Ubicación ES-MaACL
Número de control de estantería L-19959
Sublocalización o colección R.117118
itemnumber 13114
Ubicación en estantería Depósito 2
Donativo/Legado Donación: José Prat
903 ## - NOMBRE PERSONAL DE DONANTE
a Prat, José,
d 1905-1994
q 1
e Donante
9 93665
942 ## - ELEMENTOS DE ENTRADA SECUNDARIOS (KOHA)
Fuente del sistema de clasificación o colocación Clasificación decimal universal
Tipo de ítem Koha Libro impreso
Holdings
Estatus retirado Estado de pérdida Fuente del sistema de clasificación o colocación Estado de daño No para préstamo Biblioteca de origen Biblioteca actual Ubicación en estantería Fecha de adquisición Fuente de adquisición Total de préstamos Signatura topográfica completa Código de barras Visto por última vez Precio de reemplazo Tipo de ítem Koha
    Clasificación decimal universal     Biblioteca del Ateneo de Madrid Biblioteca del Ateneo de Madrid Depósito 2 17/01/2008 Donación   L-19959 1013032 23/02/2023 23/02/2023 Libro impreso